[Event "Maastricht Limburg op-C 4th"]
[Site "Maastricht"]
[Date "2010.05.21"]
[Round "1"]
[White "Kunowski, Marco"]
[Black "Visse, Bernard"]
[Result "0-1"]
[WhiteElo "1290"]
[BlackElo "1641"]
[PlyCount "50"]
[EventDate "2010.05.21"]
[EventType "swiss"]
[EventRounds "7"]
[EventCountry "NED"]
[SourceTitle "EXT 2011"]
[Source "ChessBase"]
[SourceDate "2010.11.26"]
[SourceVersion "1"]
[SourceVersionDate "2010.11.26"]
[SourceQuality "1"]

1. d4 f5 2. e3 Nf6 3. h3 d6 4. Bd3 g6 5. b3 Bg7 6. Nf3 Nc6 7. c3 0-0 8. 0-0 h6 9. Qc2 e6 10. Nbd2 d5 11. Nh4 Kh7 12. Nhf3 Ne4 13. Bb2 g5 14. c4 Nb4 15. Qb1 g4 16. Bxe4 fxe4 17. Ba3 gxf3 18. Nxf3 Rxf3 19. gxf3 Nd3 20. cxd5 exd5 21. Kh2 Qh4 22. Qc2 Qxh3+ 23. Kg1 exf3 24. Qxd3+ Kg8 25. Qg6 Bg4 0-1